000 00649nam a2200205Ia 4500
003 GCL
008 140319s9999 xx 000 0 ara d
040 _aGCL /
_cGCL
082 0 4 _aق
_b932.4
_bف ع
100 1 _aرفعت السعيد
245 1 0 _aعصور فى فوضى من الخروج الى الملك اخناتون /
_cرفعت السعيد
700 1 _aفلايكوفسكى، ايمانويل
260 _aالقاهرة :
_bحور ،
_c1995
300 _a407 ص ؛
_c24 سم
490 _a
650 0 4 _aاليهود فى مصر
650 0 4 _aاليهود - تاريخ
650 0 4 _aاليهود - الاصل
942 _2ddc
_cBK
999 _c47903
_d47903